• 首页
  • 本馆介绍
  • 公告通知
  • 最新文献
  • 馆藏检索
  • 电子资源
  • 读者导购
  • 参考咨询
  • 我的图书馆
  • 登录
  • 详细信息显示
  • 放入我的书架
  • 预约/预借图书
  • 作者相关作品
  • 分类相关作品
  • 丛书相关作品
  • 出版社相关作品

书目信息

  • 表格格式
  • 工作单格式
  • 卡片格式
题名:
红茶菌的培养和饮效
    
 
作者: ;中国科技情报研究所重庆分所
分册:  
出版信息:    1981
页数: 77页
开本: 19cm
丛书名:
单 册:
中图分类: TS260.8
科图分类:
主题词: 酿造--食品工业
电子资源:
ISBN:
000 00611nam0 2200205 45
001 0405171594
005 20040517151526.5
010    @dCNY0.25
091    @a13176.103
100    @a20040517d1981 km y0chiy0120 ea
101 0  @achi
105    @aa z 000yy
200 1  @a红茶菌的培养和饮效@AHong Cha Jun De Pei Yang He Yin Xiao@f中国科技情报研究所重庆分所@FZhong Guo Ke Ji Qing Bao Yan Jiu Suo Chong Qing Fen Suo
210    @d1981
215    @a77页@d19cm
606 0  @a酿造@x食品工业
690    @aTS260.8@v3
711 02 @a中国科技情报研究所重庆分所
801    @aCN@bTSTCL@c20040517
905    @f1@b49524@dTS260.8@e2
    
    红茶菌的培养和饮效/中国科技情报研究所重庆分所.-1981
    77页;19cm
    
    
    ISBN :CNY0.25
    
●
相关链接 在E读中查询图书 在五车中查询图书 在当当中查询图书 在豆瓣中查询图书


正题名:红茶菌的培养和饮效     索取号:TS260.8/2         预约/预借

序号 登录号 条形码 馆藏地/架位号 状态 备注
1 0049524   001479279   第三借阅区/ [索取号:TS260.8/2] 在馆    
2 0049525   001699601   第二样本阅览室/ [索取号:TS260.8/2] 在馆    
唐山师范学院图书馆 欢迎您!
大连网信软件有限公司© 版权所有